banner koha

Nitrous oxide emissions in No-Tillage onion (Allium cepa L.)crops are increased by oilseed radish cover crop and poultry manure application (Registro n. 255625)

MARC details
000 -LÍDER
campo de controle de tamanho fixo 01190nas a2200385 4500
001 - NÚMERO DE CONTROLE
campo de controle BR2019000442
003 - IDENTIFICADOR DO NÚMERO DE CONTROLE
campo de controle BR-BrBNA
005 - DATA E HORÁRIO DA ÚLTIMA TRANSAÇÃO
campo de controle 20231205131607.0
007 - CAMPO FIXO DE DESCRIÇÃO FÍSICA--INFORMAÇÃO GERAL
campo de controle de tamanho fixo ta
008 - CAMPO DE DADOS FIXOS--INFORMAÇÃO GERAL
campo de controle de tamanho fixo 230509b bl.|||p| |||| 00| 00por d
040 ## - FONTE DA CATALOGAÇÃO
Instituição da catalogação original BR-BrBNA
Idioma da catalogação por
Instituição que transcreveu o registro Biblioteca Nacional de Agricultura
041 ## - CÓDIGO DE IDIOMA
Código do idioma do texto/trilha sonora ou título diferente (En)
072 ## - CÓDIGO DE CATEGORIA DE ASSUNTO
Código de Categoria de Assunto P01
100 1# - ENTRADA PRINCIPAL--NOME PESSOAL
Nome pessoal Müller Júnior, V.
100 1# - ENTRADA PRINCIPAL--NOME PESSOAL
Nome pessoal Koucher, L. de P.
100 1# - ENTRADA PRINCIPAL--NOME PESSOAL
Nome pessoal Souza, M.
100 1# - ENTRADA PRINCIPAL--NOME PESSOAL
Nome pessoal Lima, A.P.
100 1# - ENTRADA PRINCIPAL--NOME PESSOAL
Nome pessoal Kurtz, C.
100 1# - ENTRADA PRINCIPAL--NOME PESSOAL
Nome pessoal Couto, R. da R.
100 1# - ENTRADA PRINCIPAL--NOME PESSOAL
Nome pessoal Lovato, P.E.
100 1# - ENTRADA PRINCIPAL--NOME PESSOAL
Nome pessoal Giacomini, S.J.
100 1# - ENTRADA PRINCIPAL--NOME PESSOAL
Nome pessoal Brunetto, G.
100 1# - ENTRADA PRINCIPAL--NOME PESSOAL
Nome pessoal Comin, J.
245 1# - TÍTULO
Título Nitrous oxide emissions in No-Tillage onion (Allium cepa L.)crops are increased by oilseed radish cover crop and poultry manure application
650 ## - ASSUNTO--TERMO TÓPICO
Cabeçalho tópico ou nome geográfico CEBOLA
650 ## - ASSUNTO--TERMO TÓPICO
Cabeçalho tópico ou nome geográfico AZOTO
650 ## - ASSUNTO--TERMO TÓPICO
Cabeçalho tópico ou nome geográfico ADUBO ORGÂNICO
650 ## - ASSUNTO--TERMO TÓPICO
Cabeçalho tópico ou nome geográfico MEIO AMBIENTE
650 ## - ASSUNTO--TERMO TÓPICO
Cabeçalho tópico ou nome geográfico GÁS
650 ## - ASSUNTO--TERMO TÓPICO
Cabeçalho tópico ou nome geográfico EFEITO ESTUFA
773 0# - ENTRADA ANALÍTICA
Título Revista Brasileira de Ciência do Solo (Brazil)
ISSN - International Standard Serial Number ISSN 1806-9657
Partes relacionadas (2019), v. 43 p. 1-13
Número de controle do registro BR2019000442
856 40 - LOCALIZAÇÃO ELETRÔNICA E ACESSO
Uniform Resource Identifier <a href="http://www.scielo.br/pdf/rbcs/v43/1806-9657-rbcs-43-e0180116.pdf">http://www.scielo.br/pdf/rbcs/v43/1806-9657-rbcs-43-e0180116.pdf</a>
909 ## -
-- 202311
-- Lúcia
-- 55
-- Lúcia Elande
942 ## - ELEMENTOS DE ENTRADA ADICIONADOS (KOHA)
Fonte da classificação ou esquema de arquivamento na estante Classificação AGRIS
Ocultar no OPAC Não
Tipo de material Koha Analítica
Exemplares
Situação do descarte Fonte da classificação ou esquema de arquivamento na estante Situação física Não pode ser emprestado Biblioteca de origem Biblioteca atual Localização na estante Enumeração do periódico / cronologia Total de empréstimos Data de último acesso Número do exemplar Tipo de material Koha Fonte de aquisição
  Classificação AGRIS   Consulta local Biblioteca Nacional de Agricultura - Binagri Biblioteca Nacional de Agricultura - Binagri   (2019), v. 43 p. 1-13   29/11/2023 01 Periódicos Portaria Interministerial nº 164/94

BINAGRI

Telefone: (61)3218-2567/2388/3357/2097 - binagri@agro.gov.br

Ministério da Agricultura e Pecuária , Esplanada dos Ministérios, Bloco D, Anexo B, Brasília/DF, CEP: 70.043-900